[Event "PRO League Group Stage"]
[Site "masterchessopen.com chess.com INT"]
[Date "2017.02.15"]
[Round "6"]
[White "Cremisi,Daniel Josef"]
[Black "Zapata,Alo"]
[Result "0-1"]
[WhiteElo "2148"]
[BlackElo "2418"]

1.d4 Nf6 2.c4 g6 3.Nc3 Bg7 4.e4 d6 5.f3 e5 6.dxe5 dxe5 7.Qxd8+ Kxd8 8.Be3 c6
9.O-O-O+ Kc7 10.g3 Bf8 11.Bh3 Nbd7 12.Nge2 Bc5 13.Bxc5 Nxc5 14.Bxc8 Raxc8
15.Kc2 a5 16.b3 Nfd7 17.a3 Ne6 18.Rd2 Rcd8 19.Rhd1 h5 20.h4 Ndc5 21.Rxd8 Nxd8
22.b4 axb4 23.axb4 Na6 24.Kb3 Ne6 25.c5 Rb8 26.Na4 Rd8 27.Rxd8 Kxd8 28.Kc4
Nac7 29.Nac3 Ke7 30.g4 Ng7 31.Ng3 Nce6 32.Nce2 Nf4 33.gxh5 Ngxh5 34.Nxf4 Nxf4
35.b5 Kf6 36.b6 Ng2 37.h5 Ne1 38.f4 exf4 39.e5+ Kg7 40.Ne4 gxh5 41.Kd4 Nf3+
42.Kc3 h4 43.e6 fxe6 44.Nf2 Ng5 45.Kd3 h3 46.Ke2 Kf6 47.Kf1 e5 48.Nd3 f3
49.Kg1 e4 50.Nf2 Kf5 51.Nd1 Kf4 52.Nc3 e3 53.Nd5+ cxd5 54.c6 f2+ {#R} 0-1

[Event "PRO League Group Stage"]
[Site "masterchessopen.com chess.com INT"]
[Date "2017.02.15"]
[Round "6"]
[White "Zwirs,Nico"]
[Black "Barcenilla,R"]
[Result "0-1"]
[WhiteElo "2395"]
[BlackElo "2455"]

1.e4 e5 2.Nf3 Nc6 3.Bc4 d6 4.O-O Bg4 5.c3 Qd7 6.d4 Bxf3 7.Qxf3 exd4 8.cxd4
Nxd4 9.Qd3 Nc6 10.Bb5 a6 11.Ba4 Nf6 12.Nc3 Be7 13.Nd5 b5 14.Bb3 O-O 15.Bf4
Nxd5 16.exd5 Ne5 17.Qc2 Bf6 18.Rac1 Rac8 19.a4 c5 20.dxc6 Nxc6 21.Bd5 Nb4
22.Qd2 Nxd5 23.Qxd5 bxa4 24.Qd2 Qb5 25.Bxd6 Rxc1 26.Rxc1 Rd8 27.Qf4 Bg5 28.Qc4
Qxc4 29.Rxc4 Rxd6 30.h4 Bd8 31.Rxa4 h5 32.f3 a5 33.Re4 Rd4 34.Re5 Rd1+ 35.Kf2
Bxh4+ 36.g3 Bf6 37.Rxa5 g6 38.b3 Rd2+ 39.Ke3 Rg2 40.Kf4 Kg7 41.Ra6 g5+ 42.Kf5
Rxg3 43.f4 Rf3 44.Re6 Rxf4# 0-1

[Event "PRO League Group Stage"]
[Site "masterchessopen.com chess.com INT"]
[Date "2017.02.15"]
[Round "6"]
[White "Feng,Roland"]
[Black "Stukopin,A"]
[Result "0-1"]
[WhiteElo "2338"]
[BlackElo "2586"]

1.d4 d5 2.c4 dxc4 3.Nf3 Nf6 4.e3 e6 5.Bxc4 a6 6.O-O c5 7.b3 Nc6 8.Bb2 cxd4
9.exd4 Be7 10.Ne5 Bd7 11.Nc3 b5 12.Be2 O-O 13.Bf3 Rc8 14.Nxd7 Qxd7 15.d5 Ne5
16.dxe6 Qxe6 17.Re1 Bb4 18.Re3 Rfd8 19.Qe2 Nxf3+ 20.Qxf3 Qc6 21.Ne4 Nxe4
22.Rxe4 Qc2 23.Bd4 Qc1+ 24.Qd1 Qxd1+ 25.Rxd1 f5 26.Rf4 g5 27.Rxf5 Rxd4
28.Rxg5+ Kf7 29.Rf1 Rc2 30.a4 Be7 31.Rh5 Kg6 32.Re5 Bf6 33.Re6 bxa4 34.bxa4
Rxa4 35.g3 Raa2 36.Kg2 a5 37.Re4 a4 38.Rf4 Be5 39.Rf3 Bd4 40.Rf4 Rxf2+
41.R1xf2 Rxf2+ {#R} 0-1

[Event "PRO League Group Stage"]
[Site "masterchessopen.com chess.com INT"]
[Date "2017.02.15"]
[Round "6"]
[White "Feng,Roland"]
[Black "Vazquez,Guillermo"]
[Result "0-1"]
[WhiteElo "2338"]
[BlackElo "2437"]

1.d4 Nf6 2.c4 e6 3.Nf3 d5 4.Nc3 dxc4 5.e3 a6 6.Bxc4 b5 7.Be2 Bb7 8.O-O Nbd7
9.Qc2 c5 10.dxc5 Bxc5 11.a3 Rc8 12.b4 Bd6 13.Bb2 O-O 14.h3 Ne5 15.Nd4 Nc4
16.Rad1 Qb6 17.Bc1 Bb8 18.Qb3 Qc7 19.g3 Nxa3 20.Bxa3 Qxc3 21.Qa2 Qc7 22.Bb2
Ne4 23.Rc1 Qd6 24.Rxc8 Rxc8 25.Bf3 Bd5 26.Qa1 Nxg3 27.Rc1 Bc4 28.Bg2 e5
29.fxg3 exd4 30.Bxd4 Qxg3 31.Qxa6 Qh2+ 32.Kf2 Bg3+ 33.Kf3 Be2+ 34.Kxe2 Qxg2+
35.Kd3 Rxc1 {#R} 0-1

[Event "PRO League Group Stage"]
[Site "masterchessopen.com chess.com INT"]
[Date "2017.02.15"]
[Round "6"]
[White "Dragun,K"]
[Black "Petrosian,TL"]
[Result "0-1"]
[WhiteElo "2614"]
[BlackElo "2592"]

1.e4 d6 2.d4 g6 3.Nc3 Bg7 4.Nf3 a6 5.Bd3 b5 6.Be3 Bb7 7.h3 Nd7 8.Ne2 e5 9.c3
exd4 10.cxd4 Ngf6 11.Ng3 O-O 12.O-O Re8 13.Qc2 c5 14.dxc5 dxc5 15.b3 Rc8
16.Rad1 Qc7 17.Qd2 c4 18.bxc4 bxc4 19.Bc2 Nc5 20.Bf4 c3 21.Qc1 Qa5 22.e5 Bxf3
23.gxf3 Nfd7 24.Bh6 Nxe5 25.Kg2 Ne6 26.Bxg7 Kxg7 27.f4 Nc6 28.f5 Ned4 29.Qg5
Qd5+ 30.Be4 Qd8 31.Nh5+ Kh8 32.Qh6 Rg8 33.Kh1 Qh4 {#R} 0-1

[Event "PRO League Group Stage"]
[Site "masterchessopen.com chess.com INT"]
[Date "2017.02.15"]
[Round "6"]
[White "Holt,C"]
[Black "Lee,Andy"]
[Result "1-0"]
[WhiteElo "2567"]
[BlackElo "2252"]

1.d4 d5 2.c4 e5 3.dxe5 d4 4.Nf3 Nc6 5.Nbd2 Nge7 6.Nb3 Nf5 7.e4 dxe3 8.Qxd8+
Nxd8 9.fxe3 a5 10.Bd3 Bb4+ 11.Ke2 O-O 12.a3 Be7 13.g4 Nh4 14.Nxh4 Bxh4 15.Bf5
Nc6 16.e4 Nxe5 17.Bf4 Nxg4 18.Bxc8 Raxc8 19.Rhg1 Nf6 20.Kf3 Rfd8 21.Rad1 b6
22.Nd4 Re8 23.Nf5 Rxe4 24.Nxh4 Rxc4 25.Nf5 Kf8 26.Nxg7 Ne4 27.Nf5 f6 28.Ne3
Ra4 29.b3 {#r} 1-0

[Event "PRO League Group Stage"]
[Site "masterchessopen.com chess.com INT"]
[Date "2017.02.15"]
[Round "6"]
[White "Holt,C"]
[Black "Bhat,V"]
[Result "1-0"]
[WhiteElo "2567"]
[BlackElo "2519"]

1.d4 d5 2.c4 e6 3.Nc3 c6 4.e3 Nf6 5.Bd3 a6 6.b3 c5 7.Nf3 Nc6 8.cxd5 exd5 9.O-O
Be7 10.dxc5 Bxc5 11.Bb2 O-O 12.Rc1 Ba7 13.h3 Qd6 14.Ne2 Bd7 15.Nf4 Rad8 16.Bb1
d4 17.Ne2 d3 18.Qxd3 Qxd3 19.Bxd3 Nb4 20.Bb1 Bb5 21.Bxf6 gxf6 22.Rfe1 Bd3
23.a3 Bxb1 24.axb4 Be4 25.Nfd4 Rc8 26.Ng3 Bxd4 27.Nxe4 Be5 28.Red1 f5 29.Nc5
Rc7 30.Nd7 Rfc8 31.Rxc7 Bxc7 32.Rc1 Kg7 33.Nb6 {#r} 1-0

[Event "PRO League Group Stage"]
[Site "masterchessopen.com chess.com INT"]
[Date "2017.02.15"]
[Round "6"]
[White "Jensson,E"]
[Black "Adair,J"]
[Result "1-0"]
[WhiteElo "2386"]
[BlackElo "2480"]

1.d4 Nf6 2.c4 e6 3.Nc3 Bb4 4.Qc2 O-O 5.e4 d5 6.e5 Ne4 7.Bd3 c5 8.Nf3 cxd4
9.Nxd4 Nd7 10.Bf4 Qh4 11.g3 Qh5 12.O-O Bxc3 13.bxc3 g5 14.Be3 Nxe5 15.cxd5
exd5 16.Bxe4 dxe4 17.Qxe4 Ng4 18.Nf3 Nxe3 19.Qxe3 h6 20.Rfe1 Bh3 21.Nd4 Qg6
22.Qf3 h5 23.Qxb7 Rac8 24.Rac1 Rfe8 25.Rxe8+ Rxe8 26.Qc6 f6 27.c4 Rd8 28.Re1
Rxd4 29.Qa8+ Kh7 30.Re7+ Qg7 31.Rxg7+ Kxg7 32.Qxa7+ Rd7 33.Qa4 Rd2 34.Qb3 Bg4
35.Kg2 Bd7 36.Qb7 Kh6 37.c5 Be6 38.Qe7 Bd5+ 39.Kf1 Kg6 40.Qe8+ Kg7 41.f4 g4
42.c6 Bxa2 43.c7 Bc4+ 44.Ke1 {#r} 1-0

[Event "PRO League Group Stage"]
[Site "masterchessopen.com chess.com INT"]
[Date "2017.02.15"]
[Round "6"]
[White "Jensson,E"]
[Black "Zhou,Y"]
[Result "0-1"]
[WhiteElo "2386"]
[BlackElo "2462"]

1.d4 Nf6 2.c4 g6 3.Nc3 Bg7 4.e4 O-O 5.Nf3 d6 6.Be2 e5 7.O-O Nc6 8.d5 Ne7 9.Ne1
Ne8 10.f3 f5 11.Be3 f4 12.Bf2 g5 13.Rc1 Rf6 14.Nd3 Bf8 15.c5 h5 16.cxd6 cxd6
17.g4 hxg4 18.fxg4 Rh6 19.Kg2 Ng6 20.Bf3 Bd7 21.Qb3 b6 22.h3 Nf6 23.Ne2 Be7
24.Ng1 Kg7 25.Rc3 Qh8 26.Rfc1 Qh7 27.Rc7 Rh8 28.Rxd7 Nxd7 29.Rc7 Nf6 30.Kf1
Rxh3 31.Nxh3 Qxh3+ 32.Bg2 Qxg4 33.Nb4 Rh2 34.Qf3 Qxf3 35.Bxf3 g4 36.Be2 Nxe4
37.Be1 f3 {#R} 0-1

[Event "PRO League Group Stage"]
[Site "masterchessopen.com chess.com INT"]
[Date "2017.02.15"]
[Round "6"]
[White "Hjartarson,J"]
[Black "Tan,Ju2"]
[Result "0-1"]
[WhiteElo "2540"]
[BlackElo "2451"]

1.d4 Nf6 2.c4 e6 3.Nf3 d5 4.Nc3 dxc4 5.e4 Bb4 6.Bxc4 Nxe4 7.O-O Nxc3 8.bxc3
Be7 9.Ne5 O-O 10.Qg4 Nc6 11.Bh6 Bf6 12.Rad1 Ne7 13.Rfe1 c5 14.Bc1 Qc7 15.Bd3
Ng6 16.Qh5 Rd8 17.Re3 cxd4 18.Rh3 Qxe5 19.Qxh7+ Kf8 20.Ba3+ Ke8 21.Bxg6 fxg6
22.Qxg6+ Kd7 23.Qf7+ Kc6 24.cxd4 Rxd4 25.Rc1+ Kb6 26.Re3 Qd5 27.Qc7+ Ka6
28.Ree1 b6 29.Qc2 Bb7 30.f3 Rc8 31.Qe2+ Qb5 32.Qxe6 Rxc1 33.Rxc1 Rd3 34.Bf8
Qd5 35.Qe2 Qd4+ 36.Kh1 Qe3 37.Qc2 Qd4 38.Qe2 Bd5 39.Qe8 Rd1+ {#R} 0-1

[Event "PRO League Group Stage"]
[Site "masterchessopen.com chess.com INT"]
[Date "2017.02.15"]
[Round "6"]
[White "Blomqvist,E"]
[Black "Bacrot,Alexandre"]
[Result "1-0"]
[WhiteElo "2574"]
[BlackElo "2099"]

1.e4 c5 2.Nf3 d6 3.d4 cxd4 4.Nxd4 Nf6 5.Nc3 a6 6.g3 e6 7.Bg2 Be7 8.O-O O-O
9.Be3 Nc6 10.f4 Bd7 11.Nb3 Rc8 12.g4 Na5 13.g5 Ne8 14.Qh5 Nc4 15.Rf3 Nxe3
16.Rxe3 b5 17.Rh3 h6 18.gxh6 g6 19.h7+ Kh8 20.Qe2 Qb6+ 21.Kh1 e5 22.Nd5 Qd8
23.Rf1 Bxh3 24.Bxh3 Rb8 25.f5 gxf5 26.Rxf5 Nf6 27.Nd2 Nxd5 28.exd5 Qb6 29.Ne4
Qd4 30.Bg2 Qxb2 31.Ng3 Rbc8 32.Be4 Qc1+ 33.Rf1 Qg5 34.Nf5 Rc4 35.Rg1 Qf6
36.Qg4 Qg5 37.Nxe7 Qxg4 38.Rxg4 f5 39.Ng6+ {#r} 1-0

[Event "PRO League Group Stage"]
[Site "masterchessopen.com chess.com INT"]
[Date "2017.02.15"]
[Round "6"]
[White "Libiszewski,F"]
[Black "Adu,O"]
[Result "0-1"]
[WhiteElo "2545"]
[BlackElo "2288"]

1.e4 d6 2.d4 g6 3.Nf3 Bg7 4.Bc4 c6 5.Bb3 Nf6 6.Qe2 O-O 7.O-O a5 8.a4 Na6 9.h3
Nc7 10.Nc3 b6 11.Rd1 Qd7 12.e5 Nfd5 13.Ne4 Ba6 14.Qe1 Rad8 15.Ng3 Qc8 16.Qe4
dxe5 17.dxe5 Ne6 18.Qh4 Qc7 19.Bh6 Rfe8 20.Re1 c5 21.c4 Nb4 22.Bxg7 Kxg7
23.Ng5 Nxg5 24.Qxg5 Bc8 25.h4 h6 26.Qf4 Nd3 27.Qe3 Nxe1 28.Rxe1 Rd4 29.h5 Qd8
30.Bc2 Rxc4 31.Bb3 Rg4 32.e6 Qd4 33.exf7 Rf8 34.Qxe7 c4 35.Bxc4 Qxc4 36.hxg6
Qc5 37.Qxc5 bxc5 38.Re8 Rxg6 {#R} 0-1

[Event "PRO League Group Stage"]
[Site "masterchessopen.com chess.com INT"]
[Date "2017.02.15"]
[Round "6"]
[White "Libiszewski,F"]
[Black "Ajibola,Olanrewaju"]
[Result "0-1"]
[WhiteElo "2545"]
[BlackElo "2192"]

1.g4 d5 2.Bg2 Bxg4 3.c4 e6 4.Qb3 Nf6 5.Nc3 Nbd7 6.cxd5 exd5 7.Nxd5 Nxd5 8.Bxd5
Bh5 9.Bxb7 Rb8 10.Qe3+ Be7 11.Bf3 Bg6 12.b3 O-O 13.Bb2 Re8 14.Qxa7 Bc5 15.Qa4
Ne5 16.Bxe5 Rxe5 17.e3 Bb4 18.Ne2 Qxd2+ 19.Kf1 Bd3 20.Rg1 Rf5 21.Qc6 Rc5
22.Qa4 Rc2 23.Rg3 Bxe2+ 24.Kg2 Bb5 25.Qa7 Qxf2+ 26.Kh3 Qxh2+ 27.Kg4 Bd7+
28.Kf4 Bd6+ 29.Ke4 Rb4+ {#R} 0-1

[Event "PRO League Group Stage"]
[Site "masterchessopen.com chess.com INT"]
[Date "2017.02.15"]
[Round "6"]
[White "Ajibowo,Olamide Patrick"]
[Black "Libiszewski,F"]
[Result "0-1"]
[WhiteElo "2107"]
[BlackElo "2545"]

1.e4 Nc6 2.d4 d5 3.exd5 Qxd5 4.Be3 e5 5.c4 Qa5+ 6.Nc3 Bb4 7.Ne2 exd4 8.Bxd4
Nxd4 9.Qxd4 Nf6 10.O-O-O O-O 11.a3 Bc5 12.Qh4 Bf5 13.Qg3 Rad8 14.Rd5 Nxd5
15.cxd5 Rfe8 16.Qf3 Bg6 17.h4 Bxa3 18.bxa3 Qxa3+ 19.Kd1 Qb3+ 20.Ke1 Be4
21.Qxe4 Rxe4 22.Nxe4 Qb1+ {#R} 0-1

[Event "PRO League Group Stage"]
[Site "masterchessopen.com chess.com INT"]
[Date "2017.02.15"]
[Round "6"]
[White "Ajibowo,Olamide Patrick"]
[Black "Cornette,M"]
[Result "0-1"]
[WhiteElo "2107"]
[BlackElo "2586"]

1.e4 e5 2.Nf3 Nc6 3.Bb5 a6 4.Ba4 Nge7 5.c3 g6 6.d4 exd4 7.cxd4 Bg7 8.Nc3 O-O
9.O-O b5 10.Bc2 d6 11.Re1 Bg4 12.Be3 Bxf3 13.gxf3 f5 14.Bb3+ Kh8 15.Nd5 Qd7
16.Rc1 Rae8 17.Nf4 fxe4 18.fxe4 Ng8 19.Ne6 Rxe6 20.Bxe6 Qxe6 21.Rxc6 Qxe4
22.Rxc7 Qh4 23.Qb3 Nf6 24.Re2 Ng4 25.f3 Nxe3 26.Rxg7 Qg5+ 27.Kh1 Nd5 28.Rb7
Qc1+ 29.Kg2 Nf4+ 30.Kf2 Nxe2 31.Kxe2 Re8+ 32.Kf2 Qe1+ 33.Kg2 Re2+ 34.Kh3 Qf1+
35.Kg3 Qg2+ 36.Kf4 Qxh2+ 37.Kg5 Qg3+ 38.Kf6 Qf4# 0-1

[Event "PRO League Group Stage"]
[Site "masterchessopen.com chess.com INT"]
[Date "2017.02.15"]
[Round "6"]
[White "Johnson,Frank B"]
[Black "De Vreesse Pieters,Seppe"]
[Result "0-1"]
[WhiteElo "2191"]
[BlackElo "2229"]

1.e4 d6 2.d4 g6 3.Nc3 Bg7 4.f4 Nf6 5.Nf3 c5 6.dxc5 Qa5 7.Qd4 O-O 8.Bd2 Nc6
9.Qc4 Be6 10.Qb5 Qc7 11.cxd6 exd6 12.a3 a6 13.Qd3 b5 14.Qe3 Ng4 15.Qg1 b4
16.axb4 Nxb4 17.Rc1 Rfe8 18.h3 Nf6 19.Be2 Na2 20.Nxa2 Bxa2 21.e5 Ne4 22.Bd3
Ng3 23.Rh2 dxe5 24.fxe5 Bxe5 25.Nxe5 Qxe5+ 26.Kf2 Ne2 {#R} 0-1

[Event "PRO League Group Stage"]
[Site "masterchessopen.com chess.com INT"]
[Date "2017.02.15"]
[Round "6"]
[White "Rosenthal,Nicholas"]
[Black "Dreev,A"]
[Result "0-1"]
[WhiteElo "2156"]
[BlackElo "2651"]

1.e4 c6 2.d3 d5 3.Nd2 g6 4.Ngf3 Bg7 5.g3 e5 6.Bg2 Ne7 7.O-O O-O 8.a4 h6 9.b4
Be6 10.Bb2 Nd7 11.Re1 Qc7 12.Qe2 Rfe8 13.h4 Bg4 14.Nf1 a5 15.c3 Nb6 16.Qc2
dxe4 17.dxe4 Nc4 18.Bc1 Nc8 19.Ne3 Nxe3 20.Bxe3 Nd6 21.Nd2 Be6 22.Reb1 h5
23.bxa5 Bf8 24.Bb6 Qd7 25.Kh2 f6 26.Rd1 Qf7 27.Rab1 Nc8 28.Qb2 Nxb6 29.Qxb6
Ra6 30.Qxb7 Qxb7 31.Rxb7 Rxa5 32.Rc7 Rc5 33.Rc1 Rd8 34.Nf1 Ra8 35.Rb1 Rxc3
36.Ne3 Bd6 37.Rcb7 Rxa4 38.R1b2 Ra8 39.Bf1 Bc5 40.Nd1 Rc1 41.Be2 Bd4 42.Rd2 c5
43.Rb6 Bf7 44.Ne3 c4 45.Rc6 c3 46.Rd1 Rxd1 47.Bxd1 Ra2 48.Kh3 Rxf2 49.Nd5 Kg7
50.Rc7 f5 51.exf5 Rxf5 52.Bb3 Kh6 53.Rc6 Rf2 54.g4 Rf3+ 55.Kg2 hxg4 56.h5 Kxh5
57.Rc7 Kg5 58.Rc6 Rf2+ 59.Kg3 c2 60.Bxc2 Rxc2 61.Rxc2 Bxd5 62.Rh2 Bf3 63.Ra2
Be3 64.Ra6 Bf4+ 65.Kf2 Be4 66.Ra4 g3+ 67.Kf1 Kf5 68.Ra3 g5 69.Kg1 Kg4 70.Kf1
Kh5 71.Kg1 g4 72.Kf1 Bf3 73.Kg1 Kg5 74.Kf1 Kf5 75.Kg1 Bg5 76.Kf1 Be7 77.Rc3
Bb4 78.Rc4 Bd2 79.Rc2 g2+ 80.Kf2 Be3+ {#R} 0-1

[Event "PRO League Group Stage"]
[Site "masterchessopen.com chess.com INT"]
[Date "2017.02.15"]
[Round "6"]
[White "Nagy,Ga1"]
[Black "Balabaev,T"]
[Result "1-0"]
[WhiteElo "2433"]
[BlackElo "2393"]

1.c4 e5 2.Nc3 d6 3.Nf3 Nf6 4.d4 Nc6 5.g3 Bg4 6.d5 Ne7 7.Bg2 Ng6 8.h3 Bd7 9.h4
h5 10.Ng5 Be7 11.e4 O-O 12.f3 c5 13.Be3 a6 14.a4 Qa5 15.O-O Qb4 16.Qe2 Nh7
17.Nxh7 Kxh7 18.f4 exf4 19.gxf4 Kg8 20.e5 Bg4 21.Bf3 dxe5 22.Bxg4 hxg4 23.f5
Nf4 24.Qxg4 Qxc4 25.Bxf4 Bf6 26.Rae1 exf4 27.Rxf4 Bd4+ 28.Kg2 Rae8 29.f6 g6
30.Rxe8 Rxe8 31.Re4 Rd8 32.h5 Qd3 33.hxg6 Qd2+ 34.Re2 Qh6 35.gxf7+ Kf8 36.Qg8#
1-0

[Event "PRO League Group Stage"]
[Site "masterchessopen.com chess.com INT"]
[Date "2017.02.15"]
[Round "6"]
[White "Vazquez,Guillermo"]
[Black "Margvelashvili,G"]
[Result "1-0"]
[WhiteElo "2437"]
[BlackElo "2530"]

1.d4 Nf6 2.c4 e6 3.Nc3 Bb4 4.Qc2 d6 5.a3 Bxc3+ 6.Qxc3 Nbd7 7.Bg5 b6 8.e3 Bb7
9.Ne2 h6 10.Bh4 g5 11.Bg3 Ne4 12.Qc2 Qe7 13.Nc3 Nxg3 14.hxg3 f5 15.g4 Qf6
16.gxf5 exf5 17.Nd5 Bxd5 18.cxd5 O-O 19.Qxc7 Rf7 20.Bb5 Nf8 21.Qc2 Kg7
22.O-O-O Ng6 23.Kb1 Ne7 24.Qb3 Rc8 25.Bd7 Rd8 26.Be6 Rff8 27.Rc1 f4 28.Rc7
Rde8 29.Rxa7 g4 30.Ka2 g3 31.fxg3 fxg3 32.e4 Qf2 33.Rh3 {#r} 1-0

[Event "PRO League Group Stage"]
[Site "masterchessopen.com chess.com INT"]
[Date "2017.02.15"]
[Round "6"]
[White "Vazquez,Guillermo"]
[Black "He,Anthony B"]
[Result "1-0"]
[WhiteElo "2437"]
[BlackElo "2183"]

1.e4 c5 2.Nf3 Nc6 3.Bb5 g6 4.Bxc6 bxc6 5.O-O Bg7 6.Re1 Rb8 7.c3 Nf6 8.d4 d5
9.exd5 cxd5 10.dxc5 Ne4 11.Qa4+ Kf8 12.Nbd2 Nxc5 13.Qxa7 Nd7 14.Nb3 h6 15.Bf4
Rb7 16.Qe3 Nf6 17.Rad1 Bf5 18.c4 Kg8 19.Ne5 g5 20.Bg3 e6 21.cxd5 Nxd5 22.Qf3
h5 23.Nc6 Qf6 24.Nc5 g4 25.Qa3 Rb5 26.Be5 Qg5 27.Nd4 Rb4 28.Bxg7 Kxg7 29.Nxf5+
Qxf5 30.Rxd5 Qxd5 31.Qxb4 Rc8 32.Qc3+ Kg8 33.b4 Qxa2 34.h3 Qd5 35.hxg4 hxg4
36.Qf6 Qh5 37.Re5 {#r} 1-0

[Event "PRO League Group Stage"]
[Site "masterchessopen.com chess.com INT"]
[Date "2017.02.15"]
[Round "6"]
[White "Perez Ponsa,F"]
[Black "Norowitz,Yaacov"]
[Result "1-0"]
[WhiteElo "2583"]
[BlackElo "2429"]

1.e4 c6 2.d4 d5 3.e5 Bf5 4.h4 Qb6 5.h5 h6 6.g4 Bd7 7.Nc3 e6 8.Na4 Qc7 9.f4 c5
10.Nxc5 Bxc5 11.dxc5 Qxc5 12.Nf3 Bb5 13.Qd4 Qc6 14.Be3 Ne7 15.O-O-O Bxf1
16.Rhxf1 Qa6 17.Kb1 Nbc6 18.Qd2 Rc8 19.f5 exf5 20.gxf5 Nxf5 21.Bc5 Qc4 22.Ba3
d4 23.Ng5 hxg5 24.Rxf5 Rxh5 25.e6 f6 26.e7 Qe6 27.Rff1 Rh3 28.b3 Kf7 29.Qxg5
Nxe7 30.Bxe7 Qxe7 31.Qd5+ Kf8 32.Rh1 Qc7 33.Qf5 d3 34.c4 Rxh1 35.Rxh1 Rd8
36.Qe6 g6 37.Qxf6+ Ke8 38.Re1+ Kd7 39.Qe6# 1-0

[Event "PRO League Group Stage"]
[Site "masterchessopen.com chess.com INT"]
[Date "2017.02.15"]
[Round "6"]
[White "Meier,Geo"]
[Black "Moussard,J"]
[Result "1-0"]
[WhiteElo "2630"]
[BlackElo "2576"]

1.Nf3 d5 2.g3 g6 3.Bg2 Bg7 4.d4 Nf6 5.c4 c6 6.cxd5 cxd5 7.Nc3 O-O 8.Ne5 Nc6
9.O-O e6 10.Bg5 h6 11.Nxc6 bxc6 12.Bf4 Nd7 13.Rc1 Qb6 14.Na4 Qxd4 15.Qxd4 Bxd4
16.Bxh6 Re8 17.Rfd1 c5 18.b4 Be5 19.bxc5 Nf6 20.c6 Ba6 21.Nc5 Bb5 22.e4 Rac8
23.exd5 Nxd5 24.Nd3 Bd6 25.Bxd5 exd5 26.Bf4 Bxd3 27.Bxd6 Bc4 28.c7 Re6 29.Bf4
g5 30.Bxg5 Rxc7 31.Be3 Rb7 32.Rd2 Ra6 33.Ra1 Rb5 34.g4 Rba5 35.Kg2 Rxa2
36.Rdxa2 Bxa2 37.Kg3 Ra4 38.h4 a6 39.h5 f6 40.f3 a5 41.Bc5 Kf7 42.Re1 Rc4
43.Re7+ Kg8 44.Bb6 a4 45.h6 Bb1 46.Rg7+ Kf8 47.Rd7 a3 48.h7 Bxh7 49.Rxh7 Ra4
50.Rh1 a2 51.Ra1 Kf7 52.Kf2 d4 53.Bxd4 Rxd4 54.Rxa2 Kg6 55.Ra5 Rb4 56.Kg3 Rb3
57.Rc5 Ra3 58.Rc8 Rb3 59.Rc4 Ra3 60.Kf4 Rb3 61.Re4 Ra3 62.Re3 Ra4+ 63.Kg3 Ra1
64.f4 Rg1+ 65.Kh4 Rh1+ 66.Rh3 Rf1 67.f5+ Kg7 68.Rh2 Ra1 69.Rg2 Kh6 70.Rh2 Ra3
71.Rh1 Rb3 72.Rh3 Rb4 73.Ra3 Rb1 74.Ra8 Rh1+ 75.Kg3 Rg1+ 76.Kf4 Rf1+ 77.Kg3
Rg1+ 78.Kf3 Rf1+ 79.Kg2 Rb1 80.Rg8 Kh7 81.Rg6 Rb6 82.Kg3 Ra6 83.Kh4 Rb6 84.Kh5
Ra6 85.g5 Ra1 86.Rxf6 Rh1+ 87.Kg4 Kg7 88.Rd6 Rg1+ 89.Kf4 Rf1+ 90.Ke5 Re1+
91.Kd5 Rd1+ 92.Ke6 Re1+ 93.Kd7 Rg1 94.Ke7 Re1+ 95.Re6 Ra1 96.f6+ Kg6 97.f7+
Kh7 98.Rh6+ {#r} 1-0

[Event "PRO League Group Stage"]
[Site "masterchessopen.com chess.com INT"]
[Date "2017.02.15"]
[Round "6"]
[White "Guseinov,G"]
[Black "Balleisen,Aaron S"]
[Result "1-0"]
[WhiteElo "2643"]
[BlackElo "2127"]

1.e4 e5 2.Nf3 Nc6 3.Bb5 a6 4.Bxc6 dxc6 5.O-O f6 6.d4 exd4 7.Nxd4 c5 8.Nb3 Qxd1
9.Rxd1 Bd6 10.Na5 b6 11.Nc4 Bf8 12.Bf4 Ra7 13.Nc3 Ne7 14.Nd5 Nxd5 15.exd5 b5
16.Na5 Bd6 17.Be3 Ra8 18.c4 Kf7 19.Rac1 Bd7 20.Nb7 Rab8 21.Nxc5 Bxc5 22.Bxc5
bxc4 23.Ba3 Bb5 24.b3 Rhe8 25.bxc4 Ba4 26.Rd2 Re4 27.f3 Re3 28.Bc5 Ree8 29.Kf2
h5 30.h4 Bd7 31.Rc3 a5 32.Ba3 Rb1 33.c5 Bb5 34.c6 g5 35.Rc1 Rxc1 36.Bxc1 gxh4
37.Ba3 Bc4 38.d6 cxd6 39.Bxd6 Be6 40.c7 Bf5 41.Bf4 a4 42.a3 h3 43.gxh3 Bxh3
44.Rd4 Ra8 45.Rb4 Rg8 46.Rxa4 Rg2+ 47.Ke3 Rc2 48.Ra8 Bf5 49.Rh8 h4 50.Rxh4
Rc3+ 51.Kf2 Rxa3 52.Rh5 Be6 53.Rh7+ Kg6 54.Re7 Bf5 55.Re8 Rc3 56.Bd6 Kf7
57.Re7+ Kg6 58.Ke2 Rc2+ 59.Ke1 Rc1+ 60.Kd2 Rc2+ 61.Kd1 Rc3 62.Ke2 Rc2+ 63.Ke3
Rc3+ 64.Kf4 Rc4+ 65.Kg3 Rc3 66.Bf4 Rc4 67.Re8 Rc3 68.Re1 Kf7 69.Ra1 Kg6 70.Ra5
Rc4 71.Ra7 Rc3 72.Bd6 Rc4 73.Be7 Rc2 74.Bd8 Rc3 75.Ra6 Bc8 76.Rxf6+ Kg7 77.Rf4
Kg6 78.Rb4 Kf7 79.Kf4 Ke6 80.Re4+ Kd7 81.Re7+ Kd6 82.Rf7 Bb7 83.Kg4 Bc8+
84.Kg5 Ke6 85.Rf6+ Kd7 86.f4 Rc5+ 87.Kg6 Bb7 88.f5 Rc1 89.Rf7+ Kc8 90.Rf8 Kd7
91.Kf6 Rc6+ 92.Kg7 Rc5 93.Rf7+ Kc8 94.f6 Rg5+ 95.Kf8 Bc6 96.Rg7 Re5 97.f7 Rf5
98.Rh7 Bd5 99.Ke7 Bxf7 100.Rxf7 Rd5 101.Rf6 Rd7+ 102.Ke6 Rd1 103.Rf5 Re1+
104.Re5 Rb1 105.Rd5 Rb6+ 106.Ke5 Rh6 107.Kd4 Rb6 108.Kc5 Rb1 109.Rd4 Rc1+
110.Kd6 Rb1 111.Ra4 Rb6+ 112.Kc5 Rc6+ 113.Kb5 Rb6+ 114.Kxb6 Kd7 {#r} 1-0

[Event "PRO League Group Stage"]
[Site "masterchessopen.com chess.com INT"]
[Date "2017.02.15"]
[Round "6"]
[White "Guseinov,G"]
[Black "Wang,Tianqi"]
[Result "1-0"]
[WhiteElo "2643"]
[BlackElo "2199"]

1.e4 e6 2.d4 d5 3.Nd2 dxe4 4.Nxe4 Bd7 5.Nf3 Bc6 6.Bd3 Nd7 7.Qe2 Be7 8.Neg5
Ngf6 9.Nxf7 Bxf3 10.Qxe6 Nf8 11.Nxd8 Nxe6 12.Nxe6 Bxg2 13.Rg1 Bd5 14.Nxc7+ Kf7
15.Nxa8 Rxa8 16.Be3 a6 17.c4 Bc6 18.d5 Bd7 19.O-O-O Rc8 20.Kb1 b5 21.Rc1 bxc4
22.Bxc4 Rxc4 23.Rxc4 Nxd5 24.Ka1 Bb5 25.Rd4 Nb4 26.Rc1 Nc6 27.Rd5 Nb4 28.Rd4
Nc6 29.Rf4+ Ke6 30.a4 {#r} 1-0

[Event "PRO League Group Stage"]
[Site "masterchessopen.com chess.com INT"]
[Date "2017.02.15"]
[Round "6"]
[White "Akobian,V"]
[Black "Sheng,Joshua"]
[Result "1-0"]
[WhiteElo "2633"]
[BlackElo "2372"]

1.d4 d5 2.c4 c6 3.cxd5 cxd5 4.Nf3 Nc6 5.Nc3 Nf6 6.Bf4 Bf5 7.Qb3 Na5 8.Qa4+ Bd7
9.Qc2 e6 10.e3 Rc8 11.Bd3 Be7 12.h3 Nc4 13.O-O O-O 14.Rfc1 Qa5 15.Qe2 b5
16.Ne5 b4 17.Nxd7 Nxd7 18.Ne4 e5 19.dxe5 Ndxe5 20.Bxc4 Nxc4 21.b3 dxe4 22.Rxc4
Qb5 23.Rac1 Bf6 24.Bd6 Rfd8 25.Bxb4 h6 26.Qc2 Rxc4 27.Qxc4 Qf5 28.Qc5 Be5
29.Qxa7 Kh7 30.Qc5 Rd7 31.Qc2 Rc7 32.Qd1 Rb7 33.Bc5 h5 34.b4 Rd7 35.Qc2 Rd3
36.a4 Bb8 37.Bd4 Qe6 38.Qc5 Qg6 39.Qb6 Bd6 40.Bc5 Qf6 41.Bxd6 Rxd6 42.Qc5 g6
43.Qc2 Qf5 44.b5 g5 45.Qc5 Rd5 46.Qc7 Rd2 47.Rf1 h4 48.b6 g4 49.Qf4 Qxf4
50.exf4 g3 51.fxg3 hxg3 52.a5 e3 53.b7 Rb2 54.a6 e2 55.Re1 Rd2 56.b8=Q Rd1
57.Qb1+ {#r} 1-0

[Event "PRO League Group Stage"]
[Site "masterchessopen.com chess.com INT"]
[Date "2017.02.15"]
[Round "6"]
[White "Zapata,Alo"]
[Black "Balleisen,Aaron S"]
[Result "1-0"]
[WhiteElo "2418"]
[BlackElo "2127"]

1.e3 b6 2.e4 Bb7 3.d3 g6 4.d4 Bg7 5.Nc3 Nc6 6.d5 Nd4 7.Be3 e5 8.Nge2 c5 9.dxc6
dxc6 10.Nc1 Qe7 11.Bd3 Nf6 12.O-O Nh5 13.N3e2 O-O-O 14.c3 Ne6 15.Qb3 Nhf4
16.Bc4 Nc5 17.Qa3 Qg5 18.Nxf4 exf4 19.Bxc5 f3 20.g3 bxc5 21.Qxa7 Qg4 22.Re1 h5
23.Nd3 Rxd3 24.Bxd3 h4 25.Ba6 Bxa6 26.Qxa6+ Kc7 27.Qa7+ Kc8 28.Qxc5 hxg3
29.Qxc6+ Kb8 30.Qd6+ Ka8 31.Qxg3 Qh5 32.e5 Qf5 33.h4 g5 34.Qxg5 Qh7 35.Qg4 Rg8
36.Qxf3+ Kb8 37.Kf1 Qxh4 38.Re4 {#r} 1-0